História trágico-marítima (Registo nº 27969)

Detalhes MARC
000 -Etiqueta do registo
Valores 00559cam a2200217 4500
090 ## -
-- 27969
095 ## -
-- PTBN00736933
100 ## - Dados gerais de processamento
Dados gerais 20070606d1934 am y0pory5003 ba
102 ## - País de publicação
-- PT
101 0# - Língua de publicação
-- por
200 1# - Titulo e menção de responsabilidade
Título próprio História trágico-marítima
Primeira menção de responsabilidade António Sérgio de Sousa
215 ## - Descrição física 
Paginação / Volumes 223 p.
Outras indicações físicas il.
Dimensões 19 cm
210 ## - Publicação
Local de publicação Lisboa
Nome do editor Sá da Costa,
Data de publicação 1934
675 ## - CDU
Notação 087.5
Edição BNL
Língua por
675 ## - CDU
Notação 821.134.3"15"
Edição BNL
Língua por
700 #1 - Autor principal (pessoa individual)
Apelido Sérgio,
Nome António,
Datas 1883-1969
801 #0 - Fonte de origem
País PT
Agência BN
Regras de catalogação RPC
930 ## -
-- BECRE
990 ## - Elementos KOHA
Tipo de documento Livro
995 ## - Localização e informação dos exemplares
-- 18
Exemplares
Situação do levantamento Estado Biblioteca de origem Biblioteca de empréstimo Código de barras Cota Permissão de empréstimo Tipo de documento
  Completo Biblioteca da Escola Básica e Secundária Dr Isidoro de Sousa Biblioteca da Escola Básica e Secundária Dr Isidoro de Sousa 183EV 087.5 SER Disponível Livro




Powered by Koha